000 00668nam a2200217 u 4500
005 20240228064150.0
008 140930s2005 r 000 0 eng d
020 _a8408064444
035 _aUPN01000199881
049 _aI
050 4 _aPZ76.3
_bA4.84
100 1 _aAlvarez, Blanca,
_d1957-
_936751
245 1 0 _aWitika, hija de los leones /
_cBlanca Alvarez ; il. Carmen García Iglesias.
260 _aBarcelona, Esp. :
_bPlaneta,
_c2005.
300 _a[25] p. :
_bil. col.
440 0 _aDestino infantil & juvenil
650 4 _aLEONES -
_vCUENTOS Y LEYENDAS
_910311
650 4 _aLibros y lectura para niños
_92290
905 _aInfantil
999 _c171982
_d171982